000 00688nam a2200289Ia 4500
005 20260324140827.0
008 008 260324s9999 xx 000 0 eng d
020 _a9781315824628
037 _aEBOOK
040 _aCRL
040 _beng
040 _cCRL
041 _2eng
041 _aeng
084 _qCRL
100 _aHarry Ruja; Bertrand Russell
_91205885
245 0 _aMortals and Others, Volume II
245 0 _bAmerican Essays 1931-1935
260 _bTaylor and Francis
260 _c1998
365 _a
365 _b180
856 _uhttp://www.taylorfrancis.com/books/9781315824628
942 _cEBOOK
999 _c1808346
_d1808346